01337nam a22002417a 4500003000400000005001700004008004100021020001800062040001400080041000800094082001400102100004100116245003500157264002800192300003900220490008300259521058000342521003800922650003300960650003300993650003501026700003401061OSt20240425152152.0240424b ||||| |||| 00| 0 spa d a9789584277626 cCO-Mq BPB aspa aAC bBRAt aBrandon Ndjocu, Césard1993eautor aToda la felicidad del universo aBogotá:bEspasac2019 a253 páginasbTapa rusticac19 cm aPlan Nacional de Lectura y Escritura Leer es mi Cuento / Ministerio de Cultura aTal vez en ocasiones en lugar de cantidades, necesitamos de datos cualitativos para «medir» el azar. No te voy a mentir. Así me lo contó El. La primera vez que la vio, la primera vez que la tuvo cerca, sus retinas le transmitieron al resto de sus organismos que el universo, tras lustros sin inspiración, tuvo una nueva idea. Y que esa idea era ella. ¡Apareció! Asi lo decia, como si la realidad le hubiese hecho el amor a la fantasía. No lo entendía. No entendía ninguna de las casualidades que se habían tenido que dar para que ella apareciese aquel dia. aRecomendado para público adulto aCuentos africanosySiglo XXI aPoesía africanaySiglo XXI aLiteratura africanaySiglo XXI aBrandon Ndjocu, Césard1993